Países que se Escriben Igual en Lenguas Romances - Estadísticas

Estadísticas generales
  • Esta prueba ha sido intentada 20 veces
  • La puntuación promedio es 20 de 36
Estadísticas de respuestas
Primera Letra País % Correcto
V Vanuatu
94%
T Tuvalu
88%
H Honduras
82%
T Tonga
82%
V Venezuela
82%
G Guatemala
76%
T Togo
76%
K Kiribati
71%
N Nauru
71%
S Samoa
71%
C Canadá
65%
H Haití
65%
K Kosovo
65%
N Níger
65%
N Nigeria
65%
B Bahamas
53%
B Burundi
53%
L Laos
53%
N Nepal
53%
N Nicaragua
53%
P Panamá
53%
T Taiwán
53%
A Angola
47%
B Brunéi
47%
M Mali
47%
C Costa Rica
41%
L Liberia
41%
S Senegal
41%
S Seychelles
41%
L Liechtenstein
35%
M Mónaco
35%
S Sri Lanka
35%
B Burkina Faso
29%
C Cuba
29%
M Madagascar
29%
M Montenegro
18%
No se encontraron pruebas coincidentes
Distribución de puntuación
Porcentaje de gente con cada puntuación
Porcentaje por número respondido
Historial de tus puntuaciones
No has intentado esta prueba.